000
00248nam a2200109Ia 4500
008
190912s9999||||xx |||||||||||||| ||und||
100
_a
Petzold,Charles
245
0
_a
Windows With C=
260
_a
USA
_b
Education
_c
2001
300
_a
1290
942
_c
BK
999
_c
7679
_d
7679